000118445 001__ 118445
000118445 005__ 20220916124050.0
000118445 037__ $$aTAZ-TFG-2022-2156
000118445 041__ $$aspa
000118445 1001_ $$aRamírez Calleja, Andrea
000118445 24200 $$aThe influence of emotional intelligence on performance, empathy, social competence, antisocial behavior, and anxiety as a function of gender.
000118445 24500 $$aLa influencia de la inteligencia emocional en el rendimiento, la empatía, la competencia social, el comportamiento antisocial y la ansiedad en función del sexo.
000118445 260__ $$aZaragoza$$bUniversidad de Zaragoza$$c2022
000118445 506__ $$aby-nc-sa$$bCreative Commons$$c3.0$$uhttp://creativecommons.org/licenses/by-nc-sa/3.0/
000118445 520__ $$aEl presente trabajo tiene como objetivo analizar la influencia de la inteligencia emocional en la ansiedad, el comportamiento antisocial, la competencia social, el rendimiento y la empatía en función del sexo en niños/as. Para ello, se analiza una muestra de 43 alumnos/as de edades comprendidas entre los 5 y los 6 años pertenecientes a un centro educativo de la provincia de Zaragoza. Los resultados muestran que la relación entre inteligencia emocional y rendimiento es positiva en ambos sexos. Esta relación es más fuerte en niños que en niñas, aunque la interacción no alcanza el nivel de significación requerido. Por otro lado, también se muestra que inteligencia emocional y competencia social guardan una relación positiva, siendo la relación más intensa en niños que en niñas en cooperación e interacción y más marcada en niñas que en niños en independencia, aunque no alcanza el nivel de significación requerido. La relación entre inteligencia emocional y empatía es positiva en ambos sexos, pero tampoco se encuentran diferencias significativas entre niños y niñas. Sin embargo, la relación entre inteligencia emocional con el comportamiento antisocial y la ansiedad es negativa en ambos sexos, aunque estas interacciones no muestran un patrón distinto de la relación en función del sexo. Por tanto, se encuentra una relación positiva entre la inteligencia emocional y todas las variables incluidas en el estudio, aunque estas relaciones no están moduladas por el sexo. <br /><br />
000118445 521__ $$aGraduado en Magisterio en Educación Infantil
000118445 540__ $$aDerechos regulados por licencia Creative Commons
000118445 700__ $$aLira Rodríguez, Eva M.$$edir.
000118445 7102_ $$aUniversidad de Zaragoza$$bCiencias de la Educación$$cMétodos de Investigación y Diagnóstico en Educ.
000118445 8560_ $$f734830@unizar.es
000118445 8564_ $$s1579377$$uhttps://zaguan.unizar.es/record/118445/files/TAZ-TFG-2022-2156.pdf$$yMemoria (spa)
000118445 909CO $$ooai:zaguan.unizar.es:118445$$pdriver$$ptrabajos-fin-grado
000118445 950__ $$a
000118445 951__ $$adeposita:2022-09-16
000118445 980__ $$aTAZ$$bTFG$$cFCHE
000118445 999__ $$a20220622102344.CREATION_DATE